| 000 | 00561 a2200181 4500 | ||
|---|---|---|---|
| 001 | 143839 | ||
| 040 | _cLeonardo Da Vinci | ||
| 041 | _aPortuguês | ||
| 082 |
_aAP469.5 S278p _bS278p |
||
| 100 |
_aSAVIOLI, Francisco Platão _aCARVALHO, Paulo César de _aCALBUCCI, Eduardo _aLOPES,Eduardo Antonio _aRODRIGUES, Antonio Medina _aCASTRO, Dácio Antonio de |
||
| 245 | _aPortuguês 1 | ||
| 250 | _aLT | ||
| 260 |
_bAnglo _c2005 _aSão Paulo |
||
| 300 | _a285 | ||
| 362 | _a20090514 | ||
| 697 |
_aPortuguês _aGramática _aTexto _aRedação _aLiteratura |
||
| 942 | _cBK | ||
| 999 |
_c143839 _d143839 |
||